One Tree Hill characters - Statistics

General Stats
  • This quiz has been taken 559 times
    552 since last reset
  • The average score is 20 of 21
Answer Stats
Hint Answer % Correct
Main character and brother to Nathan Lucas
100%
Another main character and is the husband to Hayley and father to Jamie and Lydia Nathan
100%
Mother to Davis and Jude and Wife to Julian Brooke
99%
Owner of Karen's Café and is the mother of Lucas and Lily Karen
99%
Wife to Lucas and mother to Sawyer Peyton
99%
Tree Hill biggest villain and father to both Lucas and Nathan Dan
98%
Deceased brother of Dan and was the fiancé to Karen Keith
98%
Wife to Nathan and mother to Jamie and Lydia Haley
97%
Ravens reporter and news reporter, also father of Millicent's baby Mouth
97%
Basketballer of the Rivercourt and is one of Lucas's best friends Skills
96%
Eldest child of Haley and Nathan and big brother of Lydia Jamie
95%
Divorcee of Dan Scott and part owner of Karen's Cafe (when Karen was in it) Deb
93%
The Raven's basketball coach that won the state championships with Lucas and Nathan Whitey
93%
Brooke's clothes over bros assistant Millicent
91%
Sister of Hayley and adoptive mother of Logan Quinn
91%
Big Brother to Chuck and becomes bar owner of Tric Chase
90%
Film producer and directed Lucas book The Unkindness Of Ravens Julian
89%
Nathan's NBA agent and father to Logan Clay
87%
Late owner of Red Bedroom Records and went on tour with Haley Chris
86%
Model for Clothes Over Bros and Actress in her film "seven dreams 'till Tuesday" Alex
81%
Peyton and Haley's first contracted artistes at Red Bedroom Records and dated Chase Adams Mia
81%
No matching quizzes found
Score Distribution
Percent of People with Each Score
Percentile by Number Answered
Your Score History
You have not taken this quiz since the last reset